Írske výnimky zo spolupráce v Európskej únii bakalárska práca

Uložené v:
Podrobná bibliografia
Hlavný autor: Majeriková, Dominika
Korporativný autor: Fakulta medzinárodných vzťahov EU. Katedra medzinárodného práva
Ďalší autori: Bocková, Lucia, 1978-
Médium: Kniha
Jazyk:Slovak
Vydavateľské údaje: Bratislava 2023
Tagy: Pridať tag
Žiadne tagy, Buďte prvý, kto otaguje tento záznam!

MARC

LEADER 00000nbm a2200000 4500
001 0293229
005 20240617124847.5
041 0 |a slo 
044 |a SK 
245 1 0 |a Írske výnimky zo spolupráce v Európskej únii  |b bakalárska práca  |c Dominika Majeriková ; školiteľ: Lucia Bocková 
264 1 |a Bratislava  |c 2023 
300 |a 57 s. 
100 1 |a Majeriková, Dominika 
700 1 |a Bocková, Lucia, 1978- 
710 2 |a Fakulta medzinárodných vzťahov EU. Katedra medzinárodného práva